Mathematical methods in chemical engineering (Record no. 25039)

000 -LEADER
fixed length control field 00548nam a22002051 4500
001 - CONTROL NUMBER
control field 25039
003 - CONTROL NUMBER IDENTIFIER
control field BD-DhUET
008 - FIXED-LENGTH DATA ELEMENTS--GENERAL INFORMATION
fixed length control field 730313s1963 xx 000 0 eng
040 ## - CATALOGING SOURCE
Original cataloging agency DLC
Transcribing agency OClU
Modifying agency BD-DhUET
082 ## - DEWEY DECIMAL CLASSIFICATION NUMBER
Classification number 660.28
Item number JEN/1963
100 ## - MAIN ENTRY--PERSONAL NAME
Personal name Jenson, V. G.
245 10 - TITLE STATEMENT
Title Mathematical methods in chemical engineering
250 ## - EDITION STATEMENT
Edition statement 1st ed.
260 ## - PUBLICATION, DISTRIBUTION, ETC. (IMPRINT)
Place of publication, distribution, etc. London
Name of publisher, distributor, etc. Academic Press
Date of publication, distribution, etc. 1963
300 ## - PHYSICAL DESCRIPTION
Extent xi, 556 p.
Other physical details illus.
Dimensions 24cm.
504 ## - BIBLIOGRAPHY, ETC. NOTE
Bibliography, etc Includes bibliographies
650 #0 - SUBJECT ADDED ENTRY--TOPICAL TERM
Topical term or geographic name as entry element Chemical engineering
700 ## - ADDED ENTRY--PERSONAL NAME
Personal name Jeffreys, G. V.
942 ## - ADDED ENTRY ELEMENTS (KOHA)
Koha item type General Book
Holdings
Shelving location Damaged status Not for loan Koha date last seen Copy number Location (home branch) Sublocation or collection (holding branch) Date acquired Koha normalized classification for sorting Source of classification or shelving scheme Koha full call number Withdrawn status Lost status Koha item type Piece designation (barcode) Price effective from
Circulation section  2015-05-121Central Library, BUETCentral Library, BUET2015-05-12660_280000000000000_JEN_1963 660.28/JEN/1963  General Book224382015-05-12
Circulation section  2015-05-122Central Library, BUETCentral Library, BUET2015-05-12660_280000000000000_JEN_1963 660.28/JEN/1963  General Book224402015-05-12
Circulation section  2015-05-123Central Library, BUETCentral Library, BUET2015-05-12660_280000000000000_JEN_1963 660.28/JEN/1963  General Book224342015-05-12
Circulation section  2015-05-184Central Library, BUETCentral Library, BUET2015-05-18660_280000000000000_JEN_1963 660.28/JEN/1963  General Book224322015-05-18
Circulation section  2015-05-185Central Library, BUETCentral Library, BUET2015-05-18660_280000000000000_JEN_1963 660.28/JEN/1963  General Book224352015-05-18
Circulation section  2015-05-186Central Library, BUETCentral Library, BUET2015-05-18660_280000000000000_JEN_1963 660.28/JEN/1963  General Book294502015-05-18
Circulation section  2015-05-187Central Library, BUETCentral Library, BUET2015-05-18660_280000000000000_JEN_1963 660.28/JEN/1963  General Book294492015-05-18
Circulation section  2015-05-188Central Library, BUETCentral Library, BUET2015-05-18660_280000000000000_JEN_1963 660.28/JEN/1963  General Book294482015-05-18
Circulation section  2015-05-189Central Library, BUETCentral Library, BUET2015-05-18660_280000000000000_JEN_1963 660.28/JEN/1963  General Book294572015-05-18
Circulation section  2015-05-1810Central Library, BUETCentral Library, BUET2015-05-18660_280000000000000_JEN_1963 660.28/JEN/1963  General Book294542015-05-18
Circulation section  2015-05-1811Central Library, BUETCentral Library, BUET2015-05-18660_280000000000000_JEN_1963 660.28/JEN/1963  General Book294532015-05-18
Circulation section  2015-05-1812Central Library, BUETCentral Library, BUET2015-05-18660_280000000000000_JEN_1963 660.28/JEN/1963  General Book294512015-05-18
Circulation section  2015-05-1813Central Library, BUETCentral Library, BUET2015-05-18660_280000000000000_JEN_1963 660.28/JEN/1963  General Book224312015-05-18
Circulation section  2015-05-1814Central Library, BUETCentral Library, BUET2015-05-18660_280000000000000_JEN_1963 660.28/JEN/1963  General Book294522015-05-18
Circulation section  2015-05-1815Central Library, BUETCentral Library, BUET2015-05-18660_280000000000000_JEN_1963 660.28/JEN/1963  General Book224362015-05-18
Reading section  2015-06-1716Central Library, BUETCentral Library, BUET2015-06-17660_280000000000000_JEN_1963 660.28/JEN/1963  Reading Item294562015-06-17
Reading section  2015-06-1817Central Library, BUETCentral Library, BUET2015-06-18660_280000000000000_JEN_1963 660.28/JEN/1963  Reading Item29455.2015-06-18
Reading section  2015-07-1018Central Library, BUETCentral Library, BUET2015-07-10660_280000000000000_JEN_1963 660.28/JEN/1963  Reading Item224392015-07-10